Mulla the transfer of property act / (Record no. 158425)

MARC details
000 -LEADER
fixed length control field 00737nam a22002177a 4500
005 - DATE AND TIME OF LATEST TRANSACTION
control field 20181029105622.0
010 ## - LCCN (DPL NO)
LC control number ENG-124391
020 ## - INTERNATIONAL STANDARD BOOK NUMBER
Terms of availability 2695.00
International Standard Book Number 9789386515599
035 ## - SYSTEM CONTROL NUMBER
System control number EN-107923
037 ## - SOURCE OF ACQUISITION
Source of stock number/acquisition DBAD/PUB
082 ## - DEWEY DECIMAL CLASSIFICATION NUMBER
Classification number 346.540436
100 ## - MAIN ENTRY--PERSONAL NAME
Personal name Mulla, Sir Dinshaw Fadunji
245 ## - TITLE STATEMENT
Title Mulla the transfer of property act /
Statement of responsibility, etc by Sir Dinshaw Fadunji Mulla [and] Poonam Pradhan Saxena
250 ## - EDITION STATEMENT
Edition statement 13th ed.
260 ## - PUBLICATION, DISTRIBUTION, ETC. (IMPRINT)
Place of publication, distribution, etc Gurgaon
Name of publisher, distributor, etc Lexis Nexis
Date of publication, distribution, etc 2018
270 ## - ADDRESS
Address 14th floor,Building No-10, Tower-B,DLF Cyber City Phase-11
City Gurgaon
Postal code 122002
300 ## - PHYSICAL DESCRIPTION
Extent cccliv,1188p.
Dimensions 24cm(Hb)
Other physical details ill.
500 ## - GENERAL NOTE
General note It includes subject index
700 ## - ADDED ENTRY--PERSONAL NAME
Personal name Saxena, Poonam Pradhan
942 ## - ADDED ENTRY ELEMENTS (KOHA)
Source of classification or shelving scheme Dewey Decimal Classification
Item type English Books
Call number suffix MUL
Classification part 346.540436
Holdings
Withdrawn status Lost status Not for loan Collection code Home library Current library Date acquired Source of acquisition Cost, normal purchase price Full call number Barcode Copy number Cost, replacement price Koha item type
    Not For Loan Non-fiction D.B.Act.Division Bawana 29/10/2018 DBAD/PUB 2675.00 346.540436 MUL EN-107923 1 2675.00 English Books

© Delhi Public Library
Hit Counter
free hit counter